[Event "FIDE World Uni Rapid-B 1st"]
[Site "Tornelo INT"]
[Date "2021.03.20"]
[Round "5"]
[White "Felix Soto, Alfredo"]
[Black "Iniyan, Panneerseluam"]
[Result "0-1"]
[WhiteElo "2075"]
[BlackElo "2506"]
[PlyCount "46"]
[EventDate "2021.03.20"]
[EventType "swiss (rapid)"]
[EventRounds "12"]
[EventCountry "NET"]
[SourceTitle "CBM 201 Extra"]
[Source "ChessBase"]
[SourceDate "2021.05.31"]
[SourceVersion "1"]
[SourceVersionDate "2021.05.31"]
[SourceQuality "1"]

1. e4 c5 2. c3 d6 3. d4 Qc7 4. h3 Nd7 5. Nf3 g6 6. Na3 Bg7 7. Be3 a6 8. Rc1 b5 9. d5 Ngf6 10. Bd3 c4 11. Bb1 Nc5 12. Nd2 0-0 13. 0-0 e6 14. dxe6 Bxe6 15. Bd4 Rfe8 16. Re1 Bd7 17. b4 cxb3 18. axb3 Qa5 19. Nc2 Nd3 20. b4 Qd8 21. Qf3 Nxc1 22. Rxc1 Bc6 23. Ne3 Qe7 0-1

[Event "FISU World University"]
[Site "Tornelo INT"]
[Date "2020.10.28"]
[Round "8.22"]
[White "Daeschler, Florian"]
[Black "Felix Soto, Alfredo"]
[Result "1/2-1/2"]
[WhiteElo "2254"]
[BlackElo "2075"]
[PlyCount "63"]
[EventDate "2020.10.26"]
[EventType "team-swiss (rapid)"]
[EventRounds "9"]
[EventCountry "NET"]
[SourceTitle "CBM 199 Extra"]
[Source "ChessBase"]
[SourceDate "2021.01.31"]
[SourceVersion "1"]
[SourceVersionDate "2021.01.31"]
[SourceQuality "1"]
[WhiteTeam "France"]
[BlackTeam "Mexico IV"]
[WhiteTeamCountry "FRA"]
[BlackTeamCountry "MEX"]

1. d4 d5 2. c4 dxc4 3. e4 Nf6 4. e5 Nd5 5. Bxc4 Bf5 6. Ne2 e6 7. 0-0 Be7 8. Nbc3 Nxc3 9. bxc3 0-0 10. Be3 Nd7 11. Ng3 Bg6 12. f4 c5 13. f5 exf5 14. Nxf5 Nb6 15. Bd3 Nd5 16. Bd2 cxd4 17. cxd4 Bg5 18. Bxg5 Qxg5 19. h4 Qd8 20. Qb3 Bxf5 21. Bxf5 Ne7 22. Rad1 Nxf5 23. Rxf5 Qxh4 24. Qxb7 Rab8 25. Qxa7 Rb2 26. Rdf1 Rxg2+ 27. Kxg2 Qg4+ 28. Kh2 Qh4+ 29. Kg2 Qg4+ 30. Kh2 Qh4+ 31. Kg2 Qg4+ 32. Kh2 1/2-1/2

[Event "FISU World University"]
[Site "Tornelo INT"]
[Date "2020.10.28"]
[Round "7.15"]
[White "Felix Soto, Alfredo"]
[Black "Gracia Alvarez, Gerardo Antonio"]
[Result "1/2-1/2"]
[WhiteElo "2075"]
[BlackElo "2308"]
[PlyCount "119"]
[EventDate "2020.10.26"]
[EventType "team-swiss (rapid)"]
[EventRounds "9"]
[EventCountry "NET"]
[SourceTitle "CBM 199 Extra"]
[Source "ChessBase"]
[SourceDate "2021.01.31"]
[SourceVersion "1"]
[SourceVersionDate "2021.01.31"]
[SourceQuality "1"]
[WhiteTeam "Mexico IV"]
[BlackTeam "Mexico"]
[WhiteTeamCountry "MEX"]
[BlackTeamCountry "MEX"]

1. e4 c6 2. d4 d5 3. exd5 cxd5 4. c4 Nf6 5. Nc3 g6 6. Nf3 Bg7 7. Be2 0-0 8. 0-0 dxc4 9. Bxc4 a6 10. Ne5 b5 11. Be2 Bb7 12. Bf3 Nd5 13. Qb3 Nxc3 14. bxc3 Bxf3 15. Nxf3 Nc6 16. a4 b4 17. cxb4 Nxd4 18. Nxd4 Qxd4 19. Rb1 Rab8 20. Be3 Qh4 21. b5 axb5 22. axb5 Rb7 23. Rfd1 Be5 24. g3 Qe4 25. Qd5 Qxd5 26. Rxd5 f6 27. Kf1 Rc8 28. b6 Ra8 29. Rbb5 Kf7 30. Ra5 Rab8 31. Ra7 Ke6 32. Rxb7 Rxb7 33. Rd8 Rd7 34. Rh8 h5 35. Ke2 Kd5 36. h4 Bd4 37. Rg8 Bxe3 38. Kxe3 Rb7 39. Rxg6 Rxb6 40. Rh6 Rb3+ 41. Ke2 Rb2+ 42. Kf3 Rb3+ 43. Kg2 Ke6 44. Rxh5 f5 45. Rh6+ Kf7 46. Ra6 e6 47. h5 Rb5 48. Kf3 Re5 49. Kf4 Re4+ 50. Kf3 Kg7 51. Ra3 Kh6 52. Re3 Rxe3+ 53. Kxe3 e5 54. f4 e4 55. g4 fxg4 56. Kxe4 Kxh5 57. f5 Kg5 58. f6 Kxf6 59. Kf4 Kg6 60. Kxg4 1/2-1/2

[Event "FISU World University"]
[Site "Tornelo INT"]
[Date "2020.10.27"]
[Round "4.24"]
[White "Donoso Diaz, Sebastian"]
[Black "Felix Soto, Alfredo"]
[Result "1/2-1/2"]
[WhiteElo "2192"]
[BlackElo "2075"]
[PlyCount "196"]
[EventDate "2020.10.26"]
[EventType "team-swiss (rapid)"]
[EventRounds "9"]
[EventCountry "NET"]
[SourceTitle "CBM 199 Extra"]
[Source "ChessBase"]
[SourceDate "2021.01.31"]
[SourceVersion "1"]
[SourceVersionDate "2021.01.31"]
[SourceQuality "1"]
[WhiteTeam "Chile V"]
[BlackTeam "Mexico IV"]
[WhiteTeamCountry "CHI"]
[BlackTeamCountry "MEX"]

1. c4 e5 2. Nc3 Nf6 3. g3 c6 4. Bg2 d5 5. cxd5 cxd5 6. d3 Be7 7. Nf3 Nc6 8. 0-0 0-0 9. d4 e4 10. Ne5 Be6 11. Nxc6 bxc6 12. Bg5 Nd7 13. Bxe7 Qxe7 14. Rc1 Rac8 15. Qd2 h5 16. Na4 Nb6 17. Nc5 Nc4 18. Qc3 h4 19. Bxe4 Bh3 20. Rfe1 f5 21. Bg2 Bxg2 22. Kxg2 Rf6 23. e4 fxe4 24. Nxe4 Rf5 25. b3 Nb6 26. Nc5 Qf7 27. Rc2 Rf8 28. Qe3 Kh8 29. Ne6 Rc8 30. Rce2 Qf6 31. g4 Qg6 32. h3 Rf6 33. Nf4 Qf7 34. Nh5 Rd6 35. Qe7 Qxe7 36. Rxe7 g6 37. Nf4 Rf8 38. Nd3 Nc8 39. R7e6 Rfd8 40. Nc5 Kg8 41. Rxd6 Nxd6 42. Re7 Nb5 43. Ne6 Rd6 44. f4 Nc3 45. f5 gxf5 46. gxf5 Ne4 47. Rxa7 Ng3 48. Ra8+ Kf7 49. Ra7+ Kf6 50. Nf4 Nxf5 51. Ra4 Kg5 52. Nd3 Rf6 53. Rb4 Ne3+ 54. Kg1 Rf1+ 55. Kh2 Rd1 56. Ne5 Rd2+ 57. Kg1 Kf4 58. Rb8 Nf5 59. Rf8 Rxa2 60. Nxc6 Ke4 61. Re8+ Kf3 62. Ne5+ Kg3 63. Rg8+ Kxh3 64. Nf3 Ra1+ 65. Kf2 Ra2+ 66. Ke1 Ng3 67. Rh8 Kg4 68. Nxh4 Rb2 69. Ng6 Rxb3 70. Kd2 Ne4+ 71. Ke2 Ng3+ 72. Kd2 Ne4+ 73. Kc2 Rb4 74. Ne5+ Kf5 75. Rh5+ Kf6 76. Ng4+ Ke6 77. Rh6+ Kd7 78. Ne5+ Kc7 79. Nf3 Rc4+ 80. Kd1 Rc6 81. Rh7+ Kb6 82. Ne5 Rc7 83. Rh8 Rg7 84. Rd8 Kc7 85. Ra8 Kb7 86. Rf8 Rg2 87. Ke1 Rg7 88. Rd8 Nc3 89. Kd2 Rg3 90. Rd7+ Kc8 91. Rh7 Nb5 92. Nc6 Nd6 93. Ne7+ Kb8 94. Nxd5 Nf5 95. Rh8+ Kb7 96. Rh7+ Kb8 97. Rh8+ Kb7 98. Rh7+ Kb8 1/2-1/2

[Event "MEX-ch U26"]
[Site "Merida"]
[Date "2019.05.16"]
[Round "5"]
[White "Felix Soto, Alfredo"]
[Black "Hernandez Luviano, Enrique"]
[Result "1-0"]
[WhiteElo "2062"]
[BlackElo "1844"]
[PlyCount "69"]
[EventDate "2019.05.12"]
[EventType "swiss"]
[EventRounds "6"]
[EventCountry "MEX"]
[SourceTitle "EXT 2020"]
[Source "ChessBase"]
[SourceDate "2019.10.17"]
[SourceVersion "1"]
[SourceVersionDate "2019.10.17"]
[SourceQuality "1"]

1. e4 c5 2. Nf3 e6 3. d4 d5 4. exd5 exd5 5. Bb5+ Bd7 6. Bxd7+ Nxd7 7. 0-0 Ngf6 8. Re1+ Be7 9. Qe2 Ne4 10. Nc3 Ndf6 11. Qb5+ Qd7 12. Nxd5 Nxd5 13. Qxd7+ Kxd7 14. Rxe4 f6 15. c4 Nb6 16. dxc5 Bxc5 17. Be3 Bxe3 18. Rd1+ Kc6 19. Rxe3 Rhe8 20. Nd4+ Kc5 21. Nb3+ Kc6 22. Nd4+ Kc5 23. Ne6+ Kc6 24. b3 Nd7 25. b4 Ne5 26. b5+ Kb6 27. c5+ Ka5 28. Ra3+ Kxb5 29. Rb3+ Ka5 30. Rdb1 Nc4 31. Nc7 a6 32. Nxa8 Rxa8 33. Rc3 b5 34. cxb6 Nxb6 35. Rc5+ 1-0

[Event "MEX-ch U26"]
[Site "Merida"]
[Date "2019.05.14"]
[Round "3"]
[White "Felix Soto, Alfredo"]
[Black "Diaz Rosas, Julio Cesar"]
[Result "0-1"]
[WhiteElo "2062"]
[BlackElo "2323"]
[PlyCount "138"]
[EventDate "2019.05.12"]
[EventType "swiss"]
[EventRounds "6"]
[EventCountry "MEX"]
[SourceTitle "EXT 2020"]
[Source "ChessBase"]
[SourceDate "2019.10.17"]
[SourceVersion "1"]
[SourceVersionDate "2019.10.17"]
[SourceQuality "1"]

1. e4 c5 2. Nf3 d6 3. d4 cxd4 4. Nxd4 Nf6 5. Nc3 a6 6. g3 g6 7. Bg2 Bg7 8. a4 0-0 9. 0-0 Bd7 10. h3 Nc6 11. Nxc6 Bxc6 12. a5 Nd7 13. Be3 b5 14. axb6 Nxb6 15. Bd4 e5 16. Bxb6 Qxb6 17. Qxd6 Rfd8 18. Nd5 Rxd6 19. Nxb6 Rb8 20. Nc4 Rd4 21. b3 Bb5 22. Rfd1 Bxc4 23. bxc4 Rxc4 24. Rxa6 Rxc2 25. Bf1 Rc7 26. Rad6 Rb4 27. Rd8+ Bf8 28. Re8 Kg7 29. Rxe5 Rb2 30. Rb5 Ra2 31. Rb3 Rcc2 32. Rf3 Rxf2 33. Rxf2 Bc5 34. Bc4 Rxf2 35. Kh1 Rc2 36. Bd5 Bf2 37. Rf1 f6 38. g4 Kh6 39. Ra1 Kg5 40. Ra2 Rc1+ 41. Kg2 Bd4 42. Rd2 Be5 43. Bg8 Rc3 44. Rd7 Rg3+ 45. Kf2 Rxh3 46. Rxh7 Bd4+ 47. Kg2 Re3 48. Bd5 Kxg4 49. Rg7 g5 50. Rc7 Kf4 51. Rc2 Re1 52. Rd2 Be3 53. Ra2 g4 54. Kh2 Rg1 55. e5 Kxe5 56. Bg2 Rc1 57. Kg3 f5 58. Ra8 Bg5 59. Re8+ Kd6 60. Rf8 Rc3+ 61. Kf2 Ke5 62. Re8+ Kf4 63. Ra8 Bh4+ 64. Kg1 Kg3 65. Bf1 f4 66. Ra2 f3 67. Ra6 Rc1 68. Ra2 Be7 69. Rg2+ Kf4 0-1

[Event "MEX-ch U26"]
[Site "Merida"]
[Date "2019.05.12"]
[Round "1"]
[White "Felix Soto, Alfredo"]
[Black "Suarez Martinez, Gibran De"]
[Result "1-0"]
[WhiteElo "2062"]
[BlackElo "1451"]
[PlyCount "67"]
[EventDate "2019.05.12"]
[EventType "swiss"]
[EventRounds "6"]
[EventCountry "MEX"]
[SourceTitle "EXT 2020"]
[Source "ChessBase"]
[SourceDate "2019.10.17"]
[SourceVersion "1"]
[SourceVersionDate "2019.10.17"]
[SourceQuality "1"]

1. e4 c5 2. Nf3 d6 3. Bb5+ Bd7 4. Bxd7+ Nxd7 5. c4 Ngf6 6. Nc3 e6 7. d4 cxd4 8. Nxd4 a6 9. b3 Rc8 10. Bb2 Qa5 11. 0-0 Be7 12. Rc1 0-0 13. Qe2 Rfe8 14. Kh1 Qh5 15. Qxh5 Nxh5 16. Rfd1 Bg5 17. Rc2 Bf6 18. Nde2 Be7 19. Rcd2 Nhf6 20. f3 Ne5 21. Ba3 Red8 22. Bxd6 Bxd6 23. Rxd6 Rxd6 24. Rxd6 g5 25. Kg1 Kf8 26. Kf2 g4 27. f4 Ng6 28. e5 Nh5 29. g3 Ng7 30. Rb6 Rc7 31. Ne4 Nf5 32. Nf6 h6 33. Nxg4 Rd7 34. Ke1 1-0